Management of shared fish stocks

Αποθηκεύτηκε σε:
Λεπτομέρειες βιβλιογραφικής εγγραφής
Άλλοι συγγραφείς: Payne, A. I. L. (Andrew I. L.) 1946- (Επιμελητής έκδοσης), O'Brien, C. M. (Carl M.) (Επιμελητής έκδοσης), Rogers, S. I. (Stuart I.) (Επιμελητής έκδοσης)
Μορφή: Βιβλίο
Γλώσσα:English
Δημοσίευση: Oxford, UK : Ames, Iowa : Blackwell Pub., Iowa State Press, 2004
Θέματα:
Ετικέτες: Προσθήκη ετικέτας
Δεν υπάρχουν, Καταχωρήστε ετικέτα πρώτοι!

MARC

LEADER 00000nam a2200000 i 4500
001 1/69667
008 080109s2004 eng d
020 |a 1-4051-0617-4 
035 |l 10093475 
040 |a GR-MY-UA  |b gre  |e aacr 
041 0 |a eng 
082 0 |a 333.956  |2 (22) 
245 1 0 |a Management of shared fish stocks /  |c edited by A.I.L. Payne, C.M. O'Brien, and S.I. Rogers 
260 |a Oxford, UK :   |a Ames, Iowa :   |b Blackwell Pub.,   |b Iowa State Press,   |c 2004 
300 |a xii, 367 σ.;  |b εικ., χάρτες;  |c 26 εκ. 
504 |a Περιέχει βιβλιογραφικές παραπομπές και ευρετήριο 
650 0 0 |a Fish populations  |x Congresses. 
650 0 0 |a Fishery management  |x Congresses. 
700 1 |a Payne, A. I. L.  |q (Andrew I. L.)  |d 1946-  |4 edt 
700 1 |a O'Brien, C. M.  |q (Carl M.)  |4 edt 
700 1 |a Rogers, S. I.  |q (Stuart I.)  |4 edt 
852 |a INST  |b LESVOS  |e 20080109  |h 333.956 MAN  |p 005100040354  |q 005100040354  |t BK  |y 0 
901 |a BIBL1-2008-1 
909 |a Λ  |b 143299 
922 |a 1ΕΛΗ  |b 200712  |c ΕΠΕΑΕΚ2/ΤΕΘ  |d ΠΑΠΑΣΩΤΗΡΙΟΥ 
970 |a ΚΑΡΑ  |b ΓΙΑΣΕΜΗ  |z 2008/01/09